| 000 | 00617pam a2200181 a 4500 | ||
|---|---|---|---|
| 020 | _a093976587X | ||
| 040 | _cDLC | ||
| 082 | 0 | 0 | _a515 JAN 1996 A023 Or. |
| 245 | 0 | 0 | _aContemporary calculus through applications / |
| 260 |
_aDedham, Mass. : _bJanson Publications, _cc1996. |
||
| 300 |
_axiv, 512 p. : _bill. ; _c25 cm. |
||
| 500 | _a"The Department of Mathematics and Computer Science, the North Carolina School of Science and Mathematics." | ||
| 650 | 0 | _aCalculus. | |
| 700 | 1 | _aBartkovich, Kevin G. | |
| 700 | 1 | _aBarrett, Gloria B., | |
| 710 | 2 | _aNorth Carolina School of Science and Mathematics. | |
| 942 | _cEK | ||
| 999 |
_c16258 _d16258 |
||